000 00367nam a22001217a 4500
008 230609b xxu||||| |||| 00| 0 eng d
082 _a354.676
_bGoK
110 _bGoK
245 _a2015/2016 Estimates of Recurrent Expenditure of the Gok For the year Ending 30 th June, 2016
_bJune, 2015
260 _aNairobi, Kenya
_bGok
_cJune, 2015
300 _a805p
942 _2ddc
_cBK
999 _c895
_d895